Statistics for 4-Letter Word Chain Game #2

Click here to take the quiz!

General Stats

  • This quiz has been taken 34,548 times
  • The average score is 25 of 32

Answer Stats

Hint Answer % Correct
Unable to hearDeaf
98%
Liquid flowing from your eyeTear
97%
Beef, pork, lamb, etc...Meat
94%
Covers the top of the houseRoof
94%
Scottish garmentKilt
94%
One who doesn't tell the truthLiar
93%
Where bees liveHive
92%
You can do this using your tongueLick
91%
SlayKill
90%
Consists of proton, electron, and neutronAtom
89%
Put on to cover one's faceMask
89%
Santa's gift for naughty childrenCoal
88%
Ice falling from the skyHail
88%
Capital of NorwayOslo
87%
Shape of bread before slicedLoaf
87%
All two of themBoth
86%
Burial chamberTomb
84%
A type of percussionsDrum
80%
One state of the United StatesUtah
80%
Famous volcano of JapanFuji
79%
Brass instrumentTuba
76%
To not eatFast
76%
Name of an island in New YorkLong
68%
British nobleman rankEarl
67%
Apple computer offeringiMac
65%
____ chartFlow
64%
Ctrl+ZUndo
64%
79th element of the periodic tableGold
62%
Island where Honolulu is locatedOahu
62%
On a this and a prayerWing
53%
South African currencyRand
49%
ExpertGuru
44%

Score Distribution

Percentile by Number Answered

Percent of People with Each Score

Your Score History

You have not taken this quiz